MDQL
is popping MORE tags! Check the
thread
!
Quizzes
Events
Quiz Creation
Community
Videos
Private Events
Remove Ads
Sign In
Join for FREE
Feedback
Dark Mode
Quiz Categories
Sports
Geography
Music
Movies
Television
Just For Fun
Miscellaneous
History
Literature
Language
Science
Gaming
Entertainment
Religion
Holiday
For Kids
Quiz Lab
Recent
Popular Today
Quiz Kudos Today
Editor Picks
Curator Picks
Quizzes by...
Day
Popularity
Type
Ratings
Length
Year
Community
Subscriptions
Recent Discussions
Orange Saloon
Badges
Playlists
Quests
Create
Leaderboards
Showdown
Live 5
Trivia Bingo
Activity
Puzzle Library
Sporcle Events
Private Events
Virtual Trivia
Globe League
Become a Host
Pub Owners
SporcleCon
Opinionation
Our Games
Videos
Blog
Mobile Apps
Partnerships
Remove Ads and Go Orange
Feedback
Gaming
Video Games
Board Games
Card Games
Pokémon
Mario
Nintendo
Minecraft
Console
Toys
Legend of Zelda
Gaming
Video Games
Board Games
Card Games
Pokémon
Mario
Nintendo
Minecraft
Console
Toys
Legend of Zelda
Random Quiz
Search Sporcle
×
Quiz Lab
Quiz Lab
Gaming
South Park
Type in answers that appear in a list
Type in answers that appear in a list
Classic
Best Score? Go Orange.
South Park: The Stick of Truth Friends List Stats
Can you name the friends you can have on Facebook in The Stick of Truth
By
Bakilas
7m
121 Questions
459 Plays
459 Plays
459 Plays
Comments
Comments
Give Quiz Kudos
Give Quiz Kudos
-
- Ratings
hide this ad
Replay
Link that replays current quiz
Next Quiz
Link to next quiz in quiz playlist
You Got
0%
They Got
Avg Score
37%
Avg Friend Score
Upgrade to see
Score Distribution
Jump to the score distribution portion of the page
Score
0/121
Timer
07:00
0
Plays Today
Friend
% Correct
Cartman
94.3%
Kyle
92.4%
Stan
89.1%
Kenny
88.5%
Mrs. Cartman
87.4%
Butters
84.3%
Clyde
79.7%
Randy
75.4%
Craig
75.2%
Wendy
73.9%
Bebe
70.6%
Token
70.4%
Jimmy
69.7%
Big Gay Al
69.5%
Mrs. Marsh
67.3%
Ike
67.1%
Mr. Garrison
66.9%
Mr. Slave
66%
Mr. Mackey
64.9%
Tweek
64.5%
Timmy
61.7%
Jesus
60.1%
Mr. Hankey
59.9%
Mrs. Broflovski
57.7%
Mr. Broflovski
56.6%
Mr. McCormick
56.2%
Mrs. McCormick
56%
Al Gore
52.7%
Principal Victoria
52.3%
Shelly Marsh
49%
Scott Malkinson
48.8%
Jimbo
48.1%
Phillip
47.9%
Dad
47.7%
Mrs. Hankey
47.3%
Mom
46.2%
Terrance
45.5%
Mayor McDaniels
45.1%
Ned
44.9%
Prince of Canada
44.2%
Mr. Hat
43.6%
Friend
% Correct
Mr. Stotch
42.5%
Mrs. Stotch
42.5%
Officer Barbrady
42.5%
Princess of Canada
41.4%
Bishop of Banff
38.8%
DogPoo
38.3%
Mr. Tweak
38.1%
Mrs. Tweak
37.9%
Red
37.7%
Priest Maxi
37%
Kevin Stoley
36.8%
Chris Donnely
35.3%
Mr. Kim
34%
Heidi
33.1%
Annie
32.9%
Santa
31.6%
Underpants Gnome
30.7%
Henrietta
30.3%
Duke of Vancouver
29.8%
Karen
29%
Bill
28.8%
Lemmiwinks
28.8%
Damien
28.5%
Crab Person
28.3%
Cornwallis
27.9%
Frog King
27.9%
Pete (Melman)
27.2%
Pete (Thelman)
27.2%
Dougie
26.4%
Amber
26.1%
Skeeter
26.1%
Jason
25.5%
Mr. Adler
25.1%
Chinpokomon Toy Corporation
24.8%
Sparrow Prince
24.8%
Jessie Rodriguez
24.6%
Sergeant Yates
24.2%
Minister of Montreal
24%
Earl of Winnipeg
23.1%
Bartender
22.9%
Bradley
22.7%
Friend
% Correct
Jessie
22.7%
Simon
22.4%
Catatafish
22.2%
Christmas Critters
22%
Christmas Critters
22%
Christmas Critters
22%
Christmas Critters
22%
Christmas Critters
22%
Christmas Critters
22%
Christmas Critters
22%
Christmas Critters
22%
Christmas Critters
22%
Christmas Critters
22%
Christmas Critters
22%
Christmas Critters
22%
Firkle
22%
General Disarray
20.9%
Kelly Gardner
20.9%
Kelly Rutherford
20.9%
Filmore
20%
Monica
19.8%
Polly Prissypant
17.4%
Lola
17%
Esther
15.9%
Mrs. Biggle
15.7%
Allie Nelson
15.5%
Francis
14.4%
Micheal
14.4%
Millie
13.1%
Romper Stomper
12.6%
Leroy Mullens
12.2%
Billy
12%
Fossey
11.3%
Sally
10.9%
Jenny
10.7%
Douglas
10.5%
Flora
9.4%
Nelly
8.7%
Quaid
5.2%
Quiz Playlist
Details
Report
Send in Message
Add To Playlist
Classic:
Type in answers that appear in a list
Quiz Source
Last Updated: Feb 16, 2017
Quiz Scoreboard
CHALLENGE
Sign Up to Join the Scoreboard
Show All
Scores
Hide
Comments
May contain spoilers
Recently Published
Find the 'City' Movie
by crazypaving
Movies
60s
5x2 Blitz: Bands
by SL_Kpop136
Music
30s
Colored Red Africa Blitz
by spor1
Geography
30s
More to Explore
Quiz From the Vault
Featured Blog Post
14 Easter Pick-up Lines to Find Eggs With
hide this ad
You Might Also Like...
Tags
South Park Quiz
Video Games Quiz
facebook
name
rpg
RPGs
south
stick
Stick Characters
Video Game Characters
Today's Top Quizzes in Gaming
Browse Gaming
hide this ad
Today's Top Quizzes in South Park
Browse South Park
Top Contributed Quizzes in Gaming
1
Destiny 2 exotic weapons by perk icons
2
Legendary or Exotic?
3
Dead By Daylight Logic Puzzle
4
Genshin murder mystery
5
League of Legends Pro Players by Career/Team History
6
Overwatch Logic Puzzle
7
Stardew Mayhem 2: Electric Boogaloo
8
Windmill: Elements
9
Arcade Game Bunker
10
Valorant Utility Use (Up to Clove)
Explore More
Trending Topics
Kpop
Crossword
Disney
Harry Potter
Marvel
NBA
Anime
Puzzle
WWE
Country
The Office
Song
NFL
Pokémon
Soccer
hide this ad
More By:
Bakilas
Quiz
Plays
Rating
Category
Featured
Created
Survivor Arrest Charges
1,461
4.13
Television
Oct 8, 2013
Members of the Suicide Squad
1,411
5.00
Entertainment
Jul 11, 2013
Rotten Tomato's 75 Best Horror Movies
1,181
4.24
Movies
Oct 17, 2013
Movie Deaths by Actor 2
693
4.67
Movies
Sep 9, 2013
WWE Arrest Charges
552
2.33
Sports
Jul 29, 2013
Go to Creator's Profile
Score Distribution
Quiz Creator Spotlight
Bakilas
Follow
Send a Message
Quizzes Created
-
Created Quiz Play Count
-
More By This Creator
Popular Quizzes Today
1
5x2 Blitz: Bands
2
Find the 'City' Movie
3
Colored Red Africa Blitz
4
Find the US States - No Outlines Minefield
5
The Countries of the World
6
Find the US States
7
9x9 Crossword: Cartoon Network
8
US States
More Gaming Quizzes
Super Smash Bros. Ultimate: Everyone is Here! Mural
Quiz Lab
Trending Quizzes
Colored Red Africa Blitz II
Colored Red Europe Blitz I
Christmas Pick: Judaism
Colored Red Africa Blitz III
Colored Red Europe Blitz II
Recently Updated
Champions League XIs: Real Madrid
pecheneg
Largest US Cities 1790-2010
pecheneg
Rides in Walt Disney World
pecheneg
Most Oscar Losses (Acting)
pecheneg
Beyoncé Albums
pecheneg
Leaping Animals
pecheneg
Reality TV Shows (A-Z)
bhenderson79
Rickey Henderson's Hall of Fame Teammates
pecheneg
Champions League XIs: Arsenal
pecheneg
Quick Pick: Celebrities in WWE's Hall of Fame
aduchscher
Trending Topics
Disney
NBA
Kpop
Marvel
Harry Potter
Anime
Crossword
The Office
Soccer
Country
Song
Puzzle
WWE
Pokémon
NFL
Your Account Isn't Verified!
In order to create a playlist on Sporcle, you need to verify the email address you used during registration. Go to your
Sporcle Settings
to finish the process.
Report this User
Report this user for behavior that violates our
Community Guidelines
.
Details:
Send Report
Go to the Sporcle.com Mobile Site →
Comments